<?xml version="1.0" encoding="UTF-8"?>
<record
    xmlns:xsi="http://www.w3.org/2001/XMLSchema-instance"
    xsi:schemaLocation="http://www.loc.gov/MARC21/slim http://www.loc.gov/standards/marcxml/schema/MARC21slim.xsd"
    xmlns="http://www.loc.gov/MARC21/slim">

  <leader>02045nam a2200217 a 4500</leader>
  <controlfield tag="001">BS0003020</controlfield>
  <controlfield tag="003">BR-BrBNA</controlfield>
  <controlfield tag="005">20231110145601.0</controlfield>
  <controlfield tag="008">230308b |||||||| |||| 00| 0 por d</controlfield>
  <datafield tag="040" ind1=" " ind2=" ">
    <subfield code="a">BR-BrBNA</subfield>
    <subfield code="b">por</subfield>
    <subfield code="c">Biblioteca Nacional de Agricultura</subfield>
  </datafield>
  <datafield tag="041" ind1=" " ind2=" ">
    <subfield code="a">por</subfield>
  </datafield>
  <datafield tag="072" ind1=" " ind2=" ">
    <subfield code="a">U10</subfield>
  </datafield>
  <datafield tag="090" ind1=" " ind2=" ">
    <subfield code="a">U10</subfield>
    <subfield code="b">BS0003020</subfield>
  </datafield>
  <datafield tag="110" ind1="1" ind2=" ">
    <subfield code="a">Instituto de Pesquisa Econ&#xF4;mica Aplicada.</subfield>
  </datafield>
  <datafield tag="245" ind1="1" ind2=" ">
    <subfield code="a">Territ&#xF3;rio metropolitano, pol&#xED;ticas municipais / </subfield>
  </datafield>
  <datafield tag="260" ind1="3" ind2=" ">
    <subfield code="a">Bras&#xED;lia, DF: </subfield>
    <subfield code="b">Instituto de Pesquisa Econ&#xF4;mica Aplicada., </subfield>
    <subfield code="c">2013. </subfield>
  </datafield>
  <datafield tag="300" ind1=" " ind2=" ">
    <subfield code="a">338 p.</subfield>
  </datafield>
  <datafield tag="520" ind1="3" ind2=" ">
    <subfield code="a">Hoje, as regi&#xF5;es metropolitanas brasileiras apresentam contradi&#xE7;&#xF5;es latentes. Por um lado, intensificam-se as interdepend&#xEA;ncias - habita&#xE7;&#xE3;o, mobilidade e saneamento, entre outras, s&#xE3;o quest&#xF5;es que dificilmente podem ser bem abordadas se as administra&#xE7;&#xF5;es municipais estiverem isoladas, estanques e em desarranjo com os vizinhos. Por outro lado, nas regi&#xF5;es metropolitanas mais antigas, as inst&#xE2;ncias de intermedia&#xE7;&#xE3;o entre os entes desaparecem ou decaem, enquanto, nas mais novas, nem chegam a existir. Quest&#xF5;es urbanas n&#xE3;o podem, terminantemente, ser responsabilidade &#xFA;nica de munic&#xED;pios, quando inseridos em din&#xE2;mica territorial mais ampla, vinculada a outros munic&#xED;pios e polos. De urna parte, porque n&#xE3;o obt&#xEA;m recursos minimamente compat&#xED;veis e, de outra parte, porque a demanda por servi&#xE7;os urbanos &#xE9; criada no conjunto de munic&#xED;pios, que n&#xE3;o podem atend&#xEA;-los, de forma eficiente, se o fizerem independentemente. Al&#xE9;m disso, nem conceitualmente nem institucional mente h&#xE1; defini&#xE7;&#xF5;es nacionais para a quest&#xE3;o metropolitana. Na pr&#xE1;tica, isto se reflete com clareza na fragmenta&#xE7;&#xE3;o das pol&#xED;ticas p&#xFA;blicas, quando considerado o territ&#xF3;rio metropolitano. O objetivo central deste livro &#xE9; analisar a quest&#xE3;o metropolitana na esfera brasileira considerando os aspectos pol&#xED;ticos, institucionais e financeiros na sua interface com as recentes pol&#xED;ticas setoriais no territ&#xF3;rio metropolitano.</subfield>
  </datafield>
  <datafield tag="650" ind1=" " ind2=" ">
    <subfield code="a">URBANISMO</subfield>
  </datafield>
  <datafield tag="942" ind1=" " ind2=" ">
    <subfield code="c">BK</subfield>
    <subfield code="2">AGRIS</subfield>
  </datafield>
  <datafield tag="999" ind1=" " ind2=" ">
    <subfield code="c">8082</subfield>
    <subfield code="d">8082</subfield>
  </datafield>
  <datafield tag="952" ind1=" " ind2=" ">
    <subfield code="0">0</subfield>
    <subfield code="2">AGRIS</subfield>
    <subfield code="4">0</subfield>
    <subfield code="7">0</subfield>
    <subfield code="8">CULTURAL</subfield>
    <subfield code="a">41918</subfield>
    <subfield code="b">41918</subfield>
    <subfield code="l">0</subfield>
    <subfield code="o"> U10 BS0003020 </subfield>
    <subfield code="p">U10 BS0003020</subfield>
    <subfield code="r">2023-04-12</subfield>
    <subfield code="t">01</subfield>
    <subfield code="y">BK</subfield>
    <subfield code="1">0</subfield>
    <subfield code="d">2023-04-04</subfield>
    <subfield code="e">Doa&#xE7;&#xE3;o</subfield>
    <subfield code="f">U10</subfield>
  </datafield>
</record>
